000 00865nam a2200181Ia 4500
008 100920s9999 xx 000 0 und d
082 _b11521
_a28 व 891,464 थ 57
100 _aदेवळे शं रा.
245 _aपांडा नवसाक्षरांसाठी एका बैलाचें आत्मवृत्त.
260 _bचित्रशाळा प्रकाशन.पुणे2.
_c1957
300 _a44
_bसाधी
365 _b0.5
520 _aबा.वि.निबंध.
630 _aपांडा नवसाक्षरांसाठी एका बैलाचें आत्मवृत्त.
650 _aबा.वि.निबंध.
730 _aपांडा नवसाक्षरांसाठी एका बैलाचें आत्मवृत्त.
942 _cBOOK
999 _c677233
_d677230